ბათუმის შოთა რუსთაველის სახელმწიფო უნივერსიტეტის ბიბლიოთეკა

საბჭოთა ვაჭრობის ეკონომიკა : (ბიბ.ჩანაწერი № 63626)

000 -ლიდერი
ფიქსირებული სიგრძის საკონტროლო ველი 01172nam a22002057a 4500
003 - საკონტროლო ნომრის იდენტიფიკატორი
საკონტროლო ველი Ge_BSU
005 - ბოლო ოპერაციის თარიღი და დრო
საკონტროლო ველი 20251117191901.0
008 - ფიქსირებული სიგრძის მონაცემთა ელემენტები - ზოგადი ინფორმაცია
ფიქსირებული სიგრძის საკონტროლო ველი 251117s1971 ge ||||| |||| 00| 0 geo d
041 ## - ენის კოდი
Language code of text/sound track or separate title geo
080 ## - უნივერსალური ათობითი კლასიფიკაციის ინდექსი
Universal Decimal Classification number 339(47+57)(075.8) ს-13
245 ## - ცნობა სათაურის შესახებ
Title საბჭოთა ვაჭრობის ეკონომიკა :
Remainder of title სახელმძღვანელო სტუდენტებისათვის. ნაწ. 2 /
Statement of responsibility, etc ავტ.: შ. ხაჭაპურიძე, კ. ღოღობერიძე, ნ. ჭავჭანიძე, ლ. სადუნაშვილი.
264 ## - წარმოების, გამოცემის, დისტრიბუციის და სხვა ცნობები
გამოცემის, წარმოების, დისტრიბუციის... ადგილი თბილისი :
გამოცემის, წარმოების, დისტრიბუციის... სახელწოდება თბილ. უნ-ტის გამ-ბა,
გამოცემის, წარმოების, დისტრიბუციის... თარიღი 1971.
300 ## - ფიზიკური აღწერა
Extent 262 გვ.;
Other physical details 22 სმ.
653 ## - INDEX TERM--UNCONTROLLED
Uncontrolled term საბჭოთა ვაჭრობის ეკონომიკა
700 ## - ADDED ENTRY--PERSONAL NAME
Personal name ხაჭაპურიძე, შ.
Relator term ავტორი
9 (RLIN) 26249
700 ## - ADDED ENTRY--PERSONAL NAME
Personal name ღოღობერიძე, კ.
Relator term ავტორი.
9 (RLIN) 26250
700 ## - ADDED ENTRY--PERSONAL NAME
Personal name ჭავჭანიძე, ნ.
Relator term ავტორი
9 (RLIN) 26251
700 ## - ADDED ENTRY--PERSONAL NAME
Personal name სადუნაშვილი, ლ.
Relator term ავტორი
9 (RLIN) 26252
942 ## - ADDED ENTRY ELEMENTS (KOHA)
Source of classification or shelving scheme
Koha item type წიგნი
ეგზემპლარები
ჩამოწერის სტატუსი დაკარგული ეგზემპლარის სტატუსი კლასიფიკაციის წყარო ან თაროზე გაწყობის სქემა დაზიანების სტატუსი არ გაიცემა მუდმივი მდებარეობა (დაცვის ადგილი) ამჟამინდელი ადგილსამყოფელი თაროზე განთავსების ადგილი შეძენის თარიღი ღირებულება, შესყიდვის ნორმალური ფასი სრული შენახვის შიფრი შტრიხკოდი ბოლო ოპერაციის თარიღი ეგზემპლარის მიმდევრობითი ნომერი (კეტერი?) ფასის ძალაში შესვლის თარიღი ეგზემპლარის სახეობა საჯარო შენიშვნა
          ბათუმის შოთა რუსთაველის სახელმწიფო უნივერსიტეტის მთავარი ბიბლიოთეკა ბათუმის შოთა რუსთაველის სახელმწიფო უნივერსიტეტის მთავარი ბიბლიოთეკა წიგნსაცავი 2025-11-17 1.64 339(47+57)(075.8) ს-13 73107 2025-11-17 73107 2025-11-17 წიგნი 1 ლ. 64 თ.